What multinational corporations should know before entering into Malaysian market : an analysis of the opportunities in the wake of multimedia super corridor DC
Saved in:
| Main Author: | |
|---|---|
| Format: | Thesis |
| Language: | English |
| Published: |
Petaling Jaya :
International Islamic University Malaysia,
1997
|
| Subjects: | |
| Online Access: | http://studentrepo.iium.edu.my/handle/123456789/3693 |
| Tags: |
Add Tag
No Tags, Be the first to tag this record!
|
| LEADER | 010760000a22002770004500 | ||
|---|---|---|---|
| 001 | 149040 | ||
| 005 | 20060510123400.0 | ||
| 008 | 980812s1997 my f 0 eng | ||
| 035 | |a 557327 | ||
| 035 | |a (Sirsi) 149040 | ||
| 040 | |a UIAM |b eng | ||
| 043 | |a a-my--- | ||
| 049 | |b m | ||
| 050 | 0 | 0 | |a HD2902.6 |
| 100 | 3 | |a Teh, Michael Kheng Wan | |
| 245 | 1 | 0 | |a What multinational corporations should know before entering into Malaysian market : |b an analysis of the opportunities in the wake of multimedia super corridor DC |c Teh Kheng Wan, Michael |
| 260 | 1 | |a Petaling Jaya : |b International Islamic University Malaysia, |c 1997 | |
| 300 | |a 108 p. ; |c 30 cm. | ||
| 502 | |a (M.A.)--International Islamic University, 1997 | ||
| 533 | |a 1 copy | ||
| 596 | |a 1 | ||
| 650 | 0 | |a International business enterprises |z Malaysia | |
| 856 | 4 | |u http://studentrepo.iium.edu.my/handle/123456789/3693 | |
| 900 | |a asm-arr | ||
| 999 | |c 431091 |d 462582 | ||
| 952 | |0 0 |6 T HD 002902.6 T253W 1997 |7 0 |8 THESES |9 750763 |a IIUM |b IIUM |c MULTIMEDIA |g 0.00 |o t HD2902.6T253W 1997 |p 00000557328 |r 2017-10-19 |t 1 |v 0.00 |y THESIS | ||
